Catálogo
 En Linea

Législation coloniale / (Registro nro. 13633)

Detalles MARC
000 -CABECERA
campo de control de longitud fija 01006cam a2200277 a 4500
001 - NÚMERO DE CONTROL
campo de control 000014030
003 - IDENTIFICADOR DEL NÚMERO DE CONTROL
campo de control UkOxU
005 - FECHA Y HORA DE LA ÚLTIMA TRANSACCIÓN
campo de control 20200929163438.0
008 - DATOS DE LONGITUD FIJA--INFORMACIÓN GENERAL
campo de control de longitud fija 811021s1929 fr 000 0 fre d
040 ## - FUENTE DE LA CATALOGACIÓN
Centro catalogador/agencia de origen DO-SdBNP
Centro/agencia transcriptor NOC
Centro/agencia modificador OCL
-- EQO
-- BNPHU
082 ## - NÚMERO DE LA CLASIFICACIÓN DECIMAL DEWEY
Número de clasificación NNNN
Número de documento/Ítem F825l
049 ## - FONDOS LOCALES (OCLC)
Fondos de biblioteca BNGR
100 1# - ENTRADA PRINCIPAL--NOMBRE DE PERSONA
Nombre de persona François, Georges Alphonse Florent Octave,
Fechas asociadas al nombre 1874-
9 (RLIN) 31762
245 10 - MENCIÓN DE TÍTULO
Título Législation coloniale /
Mención de responsabilidad, etc. G. François & H. Mariol.
260 ## - PUBLICACIÓN, DISTRIBUCIÓN, ETC.
Lugar de publicación, distribución, etc. Paris :
Nombre del editor, distribuidor, etc. Larose,
Fecha de publicación, distribución, etc. 1929.
300 ## - DESCRIPCIÓN FÍSICA
Extensión 392, [1] p. :
Otras características físicas cartes ;
Dimensiones 25 cm.
490 1# - MENCIÓN DE SERIE
Mención de serie Les Manuels coloniaux
504 ## - NOTA DE BIBLIOGRAFÍA, ETC.
Nota de bibliografía, etc. Comprend des notes et des références au pied de la page
501 ## - NOTA DE "CON"
Nota de “Con” With: Législation coloniale. Suppléments A et B / G. François & H. Mariol. Paris : Larose, 1929.
651 #0 - PUNTO DE ACCESO ADICIONAL DE MATERIA--NOMBRE GEOGRÁFICO
Nombre geográfico France
Subdivisión general Colonies
-- History.
9 (RLIN) 31763
651 #0 - PUNTO DE ACCESO ADICIONAL DE MATERIA--NOMBRE GEOGRÁFICO
Nombre geográfico France
Subdivisión general Colonies
-- Administration.
9 (RLIN) 31764
650 #0 - PUNTO DE ACCESO ADICIONAL DE MATERIA--TÉRMINO DE MATERIA
Término de materia o nombre geográfico como elemento de entrada Law
Subdivisión geográfica France
Subdivisión general Colonies.
9 (RLIN) 31765
700 1# - PUNTO DE ACCESO ADICIONAL--NOMBRE DE PERSONA
Nombre de persona Mariol, Henri,
9 (RLIN) 31766
830 #4 - PUNTO DE ACCESO ADICIONAL DE SERIE-TÍTULO UNIFORME
Título uniforme Les Manuels coloniaux
9 (RLIN) 31767
910 ## - DATOS DE OPCIÓN DEL USUARIO (OCLC)
Datos de opción del usuario Catalogación derivada
Existencias
Estado de retiro Estado de pérdida Restricciones de uso No para préstamo Código de colección Localización permanente Ubicación/localización actual Ubicación en estantería Fecha de adquisición Número de inventario Total de préstamos Signatura topográfica completa Código de barras Fecha visto por última vez Número de copia Precio válido a partir de Tipo de ítem Koha
    Préstamo restringido Préstamo restrigido Monografías: Libros y Folletos General General En catalogación 02.12.2009 LF1   NNNN F825l 14030-10 25.06.2020 e. 1 25.06.2020 Préstamo interno

Con tecnología Koha